ბათუმის შოთა რუსთაველის სახელმწიფო უნივერსიტეტის ბიბლიოთეკა

ადმინისტრაციული საპროცესო სამართლის სახელმძღვანელო = Lehrbuch zum Verwaltungsprozessrecht / (ბიბ.ჩანაწერი № 50301)

000 -ლიდერი
ფიქსირებული სიგრძის საკონტროლო ველი 01511nam a2200289Ia 4500
001 - საკონტროლო ნომერი
საკონტროლო ველი 17242
003 - საკონტროლო ნომრის იდენტიფიკატორი
საკონტროლო ველი GE_BSU
005 - ბოლო ოპერაციის თარიღი და დრო
საკონტროლო ველი 20200204160133.0
008 - ფიქსირებული სიგრძის მონაცემთა ელემენტები - ზოგადი ინფორმაცია
ფიქსირებული სიგრძის საკონტროლო ველი 181216s2008ge xx |||||||||||||| ||geo||
020 ## - წიგნის საერთაშორისო სტანდარტული ნომერი
International Standard Book Number 9789941903229
040 ## - კატალოგიზაციის წყარო
Transcribing agency GE_BSU
041 ## - ენის კოდი
Language code of text/sound track or separate title geo
080 ## - უნივერსალური ათობითი კლასიფიკაციის ინდექსი
Universal Decimal Classification number 342.9(075.8) ა-28
245 ## - ცნობა სათაურის შესახებ
Title ადმინისტრაციული საპროცესო სამართლის სახელმძღვანელო = Lehrbuch zum Verwaltungsprozessrecht /
Statement of responsibility, etc მაია კოპალეიშვილი ; ნუგზარ სხირტლაძე ; ეკატერინე ქარდავა ; რედ. პაატა ტურავა .
264 ## - წარმოების, გამოცემის, დისტრიბუციის და სხვა ცნობები
გამოცემის, წარმოების, დისტრიბუციის... ადგილი თბილისი :
გამოცემის, წარმოების, დისტრიბუციის... სახელწოდება სიესტა,
გამოცემის, წარმოების, დისტრიბუციის... თარიღი 2008.
300 ## - ფიზიკური აღწერა
Extent 408 გვ .:
Dimensions 20 სმ.
504 ## - BIBLIOGRAPHY, ETC. NOTE
Bibliography, etc ბიბლიოგრ. ტექსტ. შენიშვნ
520 ## - SUMMARY, ETC.
Summary, etc წინათქმა გერმ ენაზე
653 ## - INDEX TERM--UNCONTROLLED
Uncontrolled term ადმინისტრაციული საპროცესო სამართალი სახელმძღვან.
653 ## - INDEX TERM--UNCONTROLLED
Uncontrolled term სამართალი
700 ## - ADDED ENTRY--PERSONAL NAME
Personal name კოპალეიშვილი, მაია
9 (RLIN) 6805
700 ## - ADDED ENTRY--PERSONAL NAME
Personal name სხირტლაძე, ნუგზარ
9 (RLIN) 6806
700 ## - ADDED ENTRY--PERSONAL NAME
Personal name ქარდავა, ეკატერინე
9 (RLIN) 6807
700 ## - ADDED ENTRY--PERSONAL NAME
Personal name ტურავა, პაატა
Relator term რედაქტორი
9 (RLIN) 3298
942 ## - ADDED ENTRY ELEMENTS (KOHA)
Koha item type წიგნი
Source of classification or shelving scheme
ეგზემპლარები
ჩამოწერის სტატუსი დაკარგული ეგზემპლარის სტატუსი კლასიფიკაციის წყარო ან თაროზე გაწყობის სქემა დაზიანების სტატუსი არ გაიცემა მუდმივი მდებარეობა (დაცვის ადგილი) ამჟამინდელი ადგილსამყოფელი თაროზე განთავსების ადგილი შეძენის თარიღი ღირებულება, შესყიდვის ნორმალური ფასი სრული შენახვის შიფრი შტრიხკოდი ბოლო ოპერაციის თარიღი ეგზემპლარის მიმდევრობითი ნომერი (კეტერი?) ფასის ძალაში შესვლის თარიღი ეგზემპლარის სახეობა საჯარო შენიშვნა
          ბათუმის შოთა რუსთაველის სახელმწიფო უნივერსიტეტის მთავარი ბიბლიოთეკა ბათუმის შოთა რუსთაველის სახელმწიფო უნივერსიტეტის მთავარი ბიბლიოთეკა წიგნსაცავი 2018-12-17 18.00 342.9(075.8) ა-28 45303 2018-12-17 45303 2018-12-17 წიგნი 18.00
          ბათუმის შოთა რუსთაველის სახელმწიფო უნივერსიტეტის მთავარი ბიბლიოთეკა ბათუმის შოთა რუსთაველის სახელმწიფო უნივერსიტეტის მთავარი ბიბლიოთეკა წიგნსაცავი 2018-12-17 14.00 342.9(075.8) ა-28 55353 2018-12-17 55353 2018-12-17 წიგნი 14 ლ.
          ბათუმის შოთა რუსთაველის სახელმწიფო უნივერსიტეტის მთავარი ბიბლიოთეკა ბათუმის შოთა რუსთაველის სახელმწიფო უნივერსიტეტის მთავარი ბიბლიოთეკა წიგნსაცავი 2018-12-17 14.00 342.9(075.8) ა-28 55352 2018-12-17 55352 2018-12-17 წიგნი 14 ლ.